Právne predpisy a kompetentné orgány Európskej únie v oblasti prevencie závažných priemyselných havárií
Prevencia závažných priemyselných havárií upravená Smernicou Rady 96/82/ES o kontrole nebezpečenstiev veľkých havárií s prítomnosťou nebezpečných látok, nazývanej tiež "SEVESO II", ktorá je zameraná nielen na prevenciu veľkých havárií ale aj na obmedzenie ich následkov pre človeka a životné prostred...
Uložené v:
| Hlavný autor: | |
|---|---|
| Ďalší autori: | |
| Médium: | Kapitola |
| Jazyk: | Slovak |
| Predmet: | |
| Tagy: |
Žiadne tagy, Buďte prvý, kto otaguje tento záznam!
|
MARC
| LEADER | 00000nla$a2200000$$$4500 | ||
|---|---|---|---|
| 001 | 0143210 | ||
| 005 | 20221103134342.7 | ||
| 041 | 0 | |a slo | |
| 044 | |a SK | ||
| 245 | 1 | 0 | |a Právne predpisy a kompetentné orgány Európskej únie v oblasti prevencie závažných priemyselných havárií |c Michal Gál, Mária Šimonová |
| 520 | |a Prevencia závažných priemyselných havárií upravená Smernicou Rady 96/82/ES o kontrole nebezpečenstiev veľkých havárií s prítomnosťou nebezpečných látok, nazývanej tiež "SEVESO II", ktorá je zameraná nielen na prevenciu veľkých havárií ale aj na obmedzenie ich následkov pre človeka a životné prostredie. | ||
| 610 | 2 | 0 | |a Európska únia |
| 610 | 2 | 0 | |a priemysel |
| 610 | 2 | 0 | |a havárie |
| 610 | 2 | 0 | |a rádioaktivita |
| 610 | 2 | 0 | |a látky nebezpečné |
| 610 | 2 | 0 | |a exhaláty |
| 610 | 2 | 0 | |a kontrola znečistenia |
| 610 | 2 | 0 | |a prostredie životné |
| 610 | 2 | 0 | |a predpisy právne |
| 610 | 2 | 0 | |a smernice |
| 610 | 2 | 0 | |a spolupráca medzinárodná |
| 100 | 1 | |a Gál, Michal | |
| 700 | 1 | |a Šimonová, Mária | |